000 00543nam a22001577a 4500
003 macl
005 20191217122243.0
008 191217b xxu||||| |||| 00| 0 eng d
040 _cmacl
082 _a920/MIS
100 _aमिश्र डॉ शिवगोपाल
_977556
245 _aविज्ञानी महामानव एल्‍बर्ट आइन्‍साइन
260 _aदिल्‍ली
_bलोकप्रिय प्रकाशन
_c2016
650 _aजीवनी
_97943
942 _2ddc
_cHIN
999 _c61583
_d61583